Valle-Inclán: Anatomía de un teatro problemático

Guardat en:
Dades bibliogràfiques
Autor principal: Greenfield, Summer M.
Format: Llibre
Idioma:Undetermined
Publicat: Madrid, España Fundamentos 1972
Matèries:
Etiquetes: Afegir etiqueta
Sense etiquetes, Sigues el primer a etiquetar aquest registre!

MARC

LEADER 00000nam a2200000Ia 4500
008 170316s9999 xx 000 0 und d
090 |a 792 G-6v 
100 |a Greenfield, Summer M. 
245 |a Valle-Inclán: Anatomía de un teatro problemático 
260 |a Madrid, España 
260 |b Fundamentos 
260 |c 1972 
300 |a 300 páginas 
650 |a TEATRO 
999 |c 19752  |d 19752 
040 |a cru BVZT 
942 |c 15 D  |h 792 G-6v  |2 z